000 00688cab a22001935a 4500
001 L156451
008 120523e20120425xxk f 000 0 eng d
035 _a(Sirsi) u156451
041 0 _aeng
100 1 _aWithers, Ian
245 0 4 _aThe state of play
260 _c2012
490 0 _aBuilding
_v277(8728) 18 May 2012, 34-39(6)
520 _aExamines the health of consultancies sector by sector; overview; crisis points; large and small consultancies; middle management; where the opportunites are; views from 5 top consultants; and why the middle man will get squeezed out.
590 _aKA
651 4 _aUnited Kingdom
_y
690 _aConstruction management
_96230
942 _n0
999 _c84020
_d84020